00754cam a2200217 a 450000100100000000500170001000800410002702000150006802000150008304000250009808200170012310000320014024501090017226000350028130000280031644000230034450400550036765000430042265000300046570000410049500000278020200929150244.0000828r1999 ck a b 001 p spa  a9582003529 a9582000503 aDO-SdBNPbspacBNPHU a371.3bA573e1 aAndricaín, Sergio,d1956-10aEscuela y poesía :b¿ y qué hago con el poema? /cSergio Andricaín y Antonio Orlando Rodríguez. aBogotá :bMagisterio,c1999. a157 p. :bil. ;c21 cm. 0aMesa redonda ;v59 aIncluye referencias bibliográficas (p. 143-152). 4aPoesía hispanoamericanaxEnseñanza 4aArte de escribir poesía1 aRodríguez, Antonio Orlando,d1956-